[Event "FIDE Grand Swiss 2021"]
[Site "Riga"]
[Date "30.10.2021"]
[Round "4"]
[White "Dubov, Daniil"]
[Black "Donchenko, Alexander"]
[Result "1/2-1/2"]
[WhiteElo "2714"]
[BlackElo "2648"]
[EventDate "2021"]

1. d4 Nf6 2. c4 e6 3. Nf3 d5 4. Nc3 Bb4 5. Bg5 h6 6. Bxf6 Qxf6 7. e3 O-O 8.
Rc1 dxc4 9. Bxc4 c5 10. O-O cxd4 11. Ne4 Qe7 12. a3 Ba5 13. Qxd4 Nc6 14.
Qc5 Qxc5 15. Nxc5 Bb6 16. Bd3 Bxc5 17. Rxc5 Bd7 18. Rfc1 Rfc8 19. Be4 Rab8
20. h4 Kf8 21. Bxc6 Rxc6 22. Ne5 Rd6 23. Rc7 Ke7 24. h5 Rd5 25. f4 f6 26.
e4 Rd4 27. Nf3 Rd3 28. Kf2 Kd8 29. g4 Rc8 30. Rxc8+ Bxc8 31. e5 Bd7 32.
exf6 gxf6 33. g5 Bc6 34. Rc3 Rd5 35. Kg3 fxg5 36. fxg5 Rf5 37. gxh6 Rxh5
38. Nd4 Bd7 39. Nf3 Rxh6 40. Ne5 Be8 41. Kf4 Rh2 42. b4 Re2 43. Re3 Rc2 44.
Nf3 Rf2 45. Ke5 Ke7 46. Nd4 Bd7 47. Ke4 1/2-1/2

[Event "FIDE Grand Swiss 2021"]
[Site "Riga"]
[Date "30.10.2021"]
[Round "4"]
[White "Fedoseev, Vladimir"]
[Black "Gukesh, D"]
[Result "1/2-1/2"]
[WhiteElo "2704"]
[BlackElo "2640"]
[EventDate "2021"]

1. e4 e5 2. Nf3 Nc6 3. Bb5 a6 4. Ba4 Nf6 5. O-O d6 6. Bxc6+ bxc6 7. d4 exd4
8. Nxd4 Bd7 9. Qf3 Bg4 10. Qd3 c5 11. Nc6 Qd7 12. Na5 Be7 13. Nc3 O-O 14.
f4 d5 15. Nxd5 Nxd5 16. Qxd5 Qxd5 17. exd5 Bf6 18. Be3 Bxb2 19. Rab1 Bc3
20. Nc6 Be2 21. Bxc5 Bxf1 22. Kxf1 Rfe8 23. Ne7+ Kh8 24. Rb7 Ba5 25. Nc6
Re1+ 26. Kf2 Rc1 27. Ba7 Rxc2+ 28. Kf3 Rxa2 29. Bb8 Kg8 30. g4 Kf8 31. g5
Ke8 32. d6 cxd6 33. Bxd6 Bd8 34. Nxd8 Rxd8 35. Re7+ Kf8 36. Rd7+ 1/2-1/2

[Event "FIDE Grand Swiss 2021"]
[Site "Riga"]
[Date "30.10.2021"]
[Round "4"]
[White "Maghsoodloo, Parham"]
[Black "Tari, Aryan"]
[Result "0-1"]
[WhiteElo "2701"]
[BlackElo "2646"]
[EventDate "2021"]

1. c4 e6 2. g3 d5 3. Bg2 Nf6 4. Nf3 dxc4 5. Qa4+ Bd7 6. Qxc4 c5 7. Ne5 Qc8
8. Qd3 Bc6 9. Nxc6 Nxc6 10. Nc3 Be7 11. Qb5 O-O 12. Bxc6 bxc6 13. Qa4 e5
14. d3 Rb8 15. Qc2 Qf5 16. Ne4 Nxe4 17. dxe4 Qh3 18. Bd2 Qg2 19. Rf1 Qxh2
20. O-O-O Qh3 21. Qc4 Rfd8 22. Bc3 Qg2 23. Kc2 Bf6 24. b3 h5 25. a4 Rxd1
26. Rxd1 Qxf2 27. Rd7 Bg5 28. Qd3 Be3 29. Bxe5 Re8 30. Bb2 Qxg3 31. Rxa7 h4
32. Re7 Rxe7 33. Qd8+ Kh7 34. Qxe7 Qg4 35. Kd3 h3 36. Bxg7 Qxg7 37. Qh4+
Qh6 38. Qe7 Qh5 0-1

[Event "FIDE Grand Swiss 2021"]
[Site "Riga"]
[Date "30.10.2021"]
[Round "4"]
[White "Artemiev, Vladislav"]
[Black "Sasikiran, Krishnan"]
[Result "1/2-1/2"]
[WhiteElo "2699"]
[BlackElo "2640"]
[EventDate "2021"]

1. c4 e5 2. Nc3 Nf6 3. Nf3 Nc6 4. d3 d5 5. cxd5 Nxd5 6. g3 Bc5 7. Bg2 Nde7
8. O-O O-O 9. a3 a5 10. Bd2 Be6 11. Ne4 Bb6 12. b4 f6 13. Qc2 Nf5 14. e3
Qd7 15. Rfc1 Rfd8 16. Bf1 Nd6 17. Be1 Nf5 18. Nc5 Bxc5 19. Qxc5 axb4 20.
axb4 Rxa1 21. Rxa1 Nce7 22. Rc1 c6 23. Qa5 Nd6 24. Nd2 Nd5 25. Qa3 Nb5 26.
Qb2 Bh3 27. Be2 Bg4 28. Bf1 Bh3 29. Be2 Bg4 30. Bf1 1/2-1/2

[Event "FIDE Grand Swiss 2021"]
[Site "Riga"]
[Date "30.10.2021"]
[Round "4"]
[White "Deac, Bogdan-Daniel"]
[Black "Navara, David"]
[Result "1/2-1/2"]
[WhiteElo "2643"]
[BlackElo "2691"]
[EventDate "2021"]

1. e4 e5 2. Nf3 Nc6 3. Bb5 Nf6 4. O-O Nxe4 5. Re1 Nd6 6. Nxe5 Be7 7. Bf1
Nxe5 8. Rxe5 O-O 9. d4 Bf6 10. Re1 Re8 11. Bf4 Rxe1 12. Qxe1 Ne8 13. Qc3 d5
14. Nd2 Bf5 15. Re1 c6 16. Nb3 Nc7 17. Be5 Ne6 18. Na5 Qe7 19. b4 Be4 20.
Nb3 Rd8 21. a3 Bxe5 22. dxe5 d4 23. Qd2 Bd5 24. Nc1 c5 25. f4 g6 26. Ne2 b6
27. f5 gxf5 28. Ng3 f4 29. Nh5 Qg5 30. Nf6+ Kg7 31. Qf2 Kh8 32. Bd3 h6 33.
bxc5 bxc5 34. Nxd5 Rxd5 35. Qe2 f3 36. Qxf3 Rxe5 37. Rxe5 Qxe5 38. Qxf7
Qe3+ 39. Kf1 Qc1+ 40. Kf2 Qe3+ 41. Kf1 Qc1+ 42. Kf2 Qe3+ 43. Kf1 Qc1+
1/2-1/2

[Event "FIDE Grand Swiss 2021"]
[Site "Riga"]
[Date "30.10.2021"]
[Round "4"]
[White "Chigaev, Maksim"]
[Black "Wojtaszek, Radoslaw"]
[Result "1/2-1/2"]
[WhiteElo "2639"]
[BlackElo "2691"]
[EventDate "2021"]

1. e4 e5 2. Nf3 Nc6 3. Bb5 a6 4. Ba4 Nf6 5. d3 b5 6. Bb3 Bc5 7. c3 d6 8.
Bg5 h6 9. Bh4 Rb8 10. a3 Bb6 11. Nbd2 Be6 12. Bc2 g5 13. Bg3 Qe7 14. h3 Nh7
15. Nh2 Nf8 16. Qh5 Qf6 17. Nhf1 Ng6 18. Ne3 Nce7 19. Bb3 Bxb3 20. Nxb3 Nf4
21. Bxf4 gxf4 22. Nd5 Nxd5 23. exd5 Rg8 24. Qf3 Qh4 25. Ke2 Ke7 26. Rag1 f5
27. g3 fxg3 28. Rxg3 Rg5 29. Nd2 Rf8 30. Rxg5 hxg5 31. Qg2 Qh5+ 32. Ke1 Rh8
33. Rg1 Rg8 34. Nf1 g4 35. hxg4 Rxg4 36. Ng3 Qg5 37. Ke2 Rf4 38. Nh1 Rg4
39. Ng3 Rf4 40. Nh1 Qxg2 41. Rxg2 Rh4 42. Ng3 Kf6 43. Nf1 Rh8 1/2-1/2

[Event "FIDE Grand Swiss 2021"]
[Site "Riga"]
[Date "30.10.2021"]
[Round "4"]
[White "Korobov, Anton"]
[Black "Moussard, Jules"]
[Result "1/2-1/2"]
[WhiteElo "2690"]
[BlackElo "2632"]
[EventDate "2021"]

1. c4 e6 2. Nf3 Nf6 3. g3 d5 4. Bg2 Be7 5. O-O O-O 6. d4 a5 7. Nbd2 c6 8.
Qc2 b6 9. e4 Ba6 10. b3 Nbd7 11. Bb2 Rc8 12. Rad1 a4 13. Rfe1 h6 14. bxa4
Qc7 15. e5 Ne8 16. a5 dxc4 17. Nxc4 bxa5 18. Nfd2 Nb6 19. Rc1 Nd5 20. Ne4
Rb8 21. Ba1 Qd8 22. Red1 Bb5 23. h4 a4 24. Nc5 Nec7 25. Bf1 Na6 26. Ne4 a3
27. h5 Nb6 28. Nxb6 Bxf1 29. Kxf1 Nb4 30. Qe2 Qxb6 31. Bc3 Nd5 32. Be1 Qb5
33. Rd3 Qa6 34. Rd2 Qa4 1/2-1/2

[Event "FIDE Grand Swiss 2021"]
[Site "Riga"]
[Date "30.10.2021"]
[Round "4"]
[White "Dreev, Aleksey"]
[Black "Kryvoruchko, Yuriy"]
[Result "1/2-1/2"]
[WhiteElo "2635"]
[BlackElo "2686"]
[EventDate "2021"]

1. d4 Nf6 2. c4 e6 3. Nc3 Bb4 4. Qc2 O-O 5. a3 Bxc3+ 6. Qxc3 b6 7. Bg5 Bb7
8. e3 d6 9. Ne2 Nbd7 10. Qd3 Ba6 11. Nc3 d5 12. Qd1 Bxc4 13. Bxc4 dxc4 14.
Qa4 h6 15. Bh4 c5 16. Qxc4 cxd4 17. Qxd4 g5 18. Bg3 Nc5 19. Qxd8 Rfxd8 20.
Ke2 Nfe4 21. Nxe4 Nxe4 22. Rhd1 Rac8 23. Rxd8+ Rxd8 24. f3 Nxg3+ 25. hxg3
Rc8 26. Kd3 Rd8+ 27. Ke2 Rc8 28. Kd3 Rd8+ 29. Ke2 Rc8 30. Kd3 Rd8+ 1/2-1/2

[Event "FIDE Grand Swiss 2021"]
[Site "Riga"]
[Date "30.10.2021"]
[Round "4"]
[White "Predke, Alexandr"]
[Black "Ponomariov, Ruslan"]
[Result "1/2-1/2"]
[WhiteElo "2666"]
[BlackElo "2631"]
[EventDate "2021"]

1. c4 c6 2. d4 d5 3. Nf3 Nf6 4. Qc2 g6 5. e3 Bg7 6. Be2 O-O 7. O-O c5 8.
cxd5 cxd4 9. Nxd4 Nxd5 10. Rd1 Qb6 11. Qc4 Nf6 12. Nc3 Bd7 13. Na4 Qa6 14.
Qxa6 Nxa6 15. Nb5 Rfc8 16. Bd2 Ne4 17. Be1 Nac5 18. Nxc5 Nxc5 19. Nc3 Bc6
20. Rac1 Ne4 21. Bd3 Nxc3 22. Bxc3 Ba4 23. b3 Bxb3 24. axb3 Bxc3 25. Be4
Rc7 26. Bxb7 Rxb7 27. Rxc3 Rab8 28. g3 Rxb3 29. Rxb3 Rxb3 30. Rd7 e6
1/2-1/2

[Event "FIDE Grand Swiss 2021"]
[Site "Riga"]
[Date "30.10.2021"]
[Round "4"]
[White "Keymer, Vincent"]
[Black "Sargissian, Gabriel"]
[Result "1/2-1/2"]
[WhiteElo "2630"]
[BlackElo "2664"]
[EventDate "2021"]

1. d4 Nf6 2. c4 e6 3. Nf3 d5 4. Nc3 Bb4 5. Qa4+ Nc6 6. e3 O-O 7. Bd2 dxc4
8. Bxc4 Bd6 9. Qc2 e5 10. dxe5 Nxe5 11. Nxe5 Bxe5 12. O-O b6 13. f4 Bd6 14.
Rae1 Bb7 15. h3 Bc5 16. Kh2 Ne4 17. Nxe4 Bxe4 18. Qxe4 Qxd2 19. Re2 Qd7 20.
Qf3 Kh8 21. e4 f6 22. h4 Bd4 23. g3 g6 24. Kg2 h5 25. f5 Qg7 26. e5 Bxe5
27. Bd3 gxf5 28. Qxh5+ Qh7 29. Rxf5 Qxh5 30. Rxh5+ Kg8 31. Re4 Kf7 32. Rh7+
Ke6 33. Rxc7 Rad8 34. Rc3 Kf7 35. Bc4+ Kg7 36. Rc2 Rd6 37. Be2 Rfd8 38. Kf3
Rd2 39. Rec4 f5 40. b3 Rxc2 41. Rxc2 Rd4 42. Kf2 Rd5 43. h5 Rc5 44. Rd2 Rc3
45. Rd7+ Kh6 46. Rxa7 Bxg3+ 47. Kg2 Be5 48. Re7 Bd4 49. Re6+ Kg5 50. h6 Re3
51. Rxe3 Bxe3 52. h7 Bd4 53. Bd3 Kh6 54. Bxf5 Kg7 55. Kf3 b5 56. Ke4 Bc5
57. Kd5 Ba3 58. b4 1/2-1/2

[Event "FIDE Grand Swiss 2021"]
[Site "Riga"]
[Date "30.10.2021"]
[Round "4"]
[White "Shirov, Alexei"]
[Black "Neiksans, Arturs"]
[Result "1-0"]
[WhiteElo "2659"]
[BlackElo "2570"]
[EventDate "2021"]

1. e4 e5 2. Nf3 Nc6 3. Bb5 a6 4. Ba4 Nf6 5. O-O Be7 6. d3 b5 7. Bb3 d6 8.
a4 b4 9. Nbd2 O-O 10. Nc4 Rb8 11. c3 bxc3 12. bxc3 h6 13. Ne3 Re8 14. Qc2
Na5 15. Ba2 Bf8 16. Bd2 c6 17. Rab1 Rxb1 18. Rxb1 d5 19. exd5 cxd5 20. d4
Nc6 21. Qb3 e4 22. Ne1 Be6 23. Qb7 Qa8 24. N1c2 Na5 25. Qxa8 Rxa8 26. Rb6
Nd7 27. Rxe6 fxe6 28. Nxd5 Ra7 29. Nf4 Nb6 30. Nxe6 Be7 31. Ne3 Kh8 32. c4
Nc6 33. a5 Nd7 34. c5 Nf8 35. Nxf8 Bxf8 36. Bc3 Rb7 37. d5 Nxa5 38. c6 Rb5
39. c7 Rc5 40. Bxa5 Rc1+ 41. Nf1 Bd6 42. g4 Bxc7 43. Bxc7 Rxc7 44. Ne3 Rc1+
45. Kg2 Kg8 46. Bc4 Ra1 47. d6+ Kf8 48. Be6 a5 49. d7 Ke7 50. Nf5+ Kd8 51.
Nd6 1-0

[Event "FIDE Grand Swiss 2021"]
[Site "Riga"]
[Date "30.10.2021"]
[Round "4"]
[White "Petrosyan, Manuel"]
[Black "Anton Guijarro, David"]
[Result "1-0"]
[WhiteElo "2605"]
[BlackElo "2658"]
[EventDate "2021"]

1. Nf3 d5 2. e3 Nf6 3. c4 e6 4. b3 Bd6 5. Bb2 O-O 6. Nc3 Re8 7. Rc1 a6 8.
g3 c5 9. Bg2 Nc6 10. cxd5 exd5 11. O-O b5 12. a3 Bb7 13. Ne2 Rc8 14. Nf4 d4
15. b4 cxb4 16. axb4 dxe3 17. fxe3 Nxb4 18. Rxc8 Bxc8 19. Ng5 Qe7 20. Nh5
Be5 21. Qb1 Bxb2 22. Nxf6+ Qxf6 23. Rxf6 Bxf6 24. Qxh7+ Kf8 25. Qh5 Be6 26.
Nh7+ Kg8 27. Nxf6+ gxf6 28. Be4 Kg7 29. h4 Rd8 30. Qh7+ Kf8 31. h5 Ke7 32.
h6 a5 33. Bf5 Bd5 34. e4 Bc4 35. Qg7 Rxd2 36. h7 Rd1+ 37. Kh2 Rd2+ 38. Kg1
Rd1+ 39. Kh2 Rd2+ 40. Kh3 Bf1+ 41. Kg4 Nd3 42. h8=Q Ne5+ 43. Kf4 Rf2+ 44.
Ke3 Re2+ 45. Kd4 1-0

[Event "FIDE Grand Swiss 2021"]
[Site "Riga"]
[Date "30.10.2021"]
[Round "4"]
[White "Howell, David W L"]
[Black "Brkic, Ante"]
[Result "1/2-1/2"]
[WhiteElo "2658"]
[BlackElo "2621"]
[EventDate "2021"]

1. Nf3 d5 2. g3 g6 3. c4 dxc4 4. Na3 Bg7 5. Nxc4 Nc6 6. d3 e5 7. Bd2 Nf6 8.
Bc3 Nd5 9. Bxe5 Nxe5 10. Ncxe5 O-O 11. Bg2 Qe7 12. d4 c5 13. O-O cxd4 14.
Nd3 Bf5 15. Nxd4 Bxd4 16. Bxd5 Rad8 17. Bf3 b6 18. Rb1 Qf6 19. b3 Rfe8 20.
Rc1 Rd6 21. Rc7 b5 22. Kg2 Bb6 23. Rc2 h5 24. h4 Qe6 25. Rh1 Red8 26. Qc1
Bxd3 27. exd3 Rxd3 28. Re1 Qf6 29. Be4 R3d6 30. Bf3 Rd3 31. Be4 R3d6 32.
Bf3 1/2-1/2

[Event "FIDE Grand Swiss 2021"]
[Site "Riga"]
[Date "30.10.2021"]
[Round "4"]
[White "Indjic, Aleksandar"]
[Black "Oparin, Grigoriy"]
[Result "1/2-1/2"]
[WhiteElo "2612"]
[BlackElo "2654"]
[EventDate "2021"]

1. d4 Nf6 2. c4 e6 3. Nf3 d5 4. Nc3 dxc4 5. e4 b5 6. e5 Nd5 7. Nxb5 Nb6 8.
Be2 Nc6 9. O-O Be7 10. Qd2 Bb7 11. Rd1 Qd7 12. b3 cxb3 13. axb3 a6 14. Nc3
Nb4 15. Ba3 O-O 16. Na4 Nxa4 17. Bxb4 Bxb4 18. Qxb4 Nb6 19. Ra5 Rfd8 20. h4
h6 21. h5 Rab8 22. Rc1 Nd5 23. Qd2 Ne7 24. Rac5 Bc6 25. R1c3 Rb6 26. Ne1
Rdb8 27. Bd1 Rb4 28. R3c4 Rxc4 29. bxc4 Rd8 30. Bf3 Bxf3 31. Nxf3 Nc6 32.
d5 exd5 33. Rxd5 Qe7 34. Qe3 a5 35. Qe4 a4 36. Rxd8+ Nxd8 37. Qa8 Qd7 38.
g3 Kh7 39. Qe4+ 1/2-1/2

[Event "FIDE Grand Swiss 2021"]
[Site "Riga"]
[Date "30.10.2021"]
[Round "4"]
[White "Sevian, Samuel"]
[Black "Praggnanandhaa, R"]
[Result "1-0"]
[WhiteElo "2654"]
[BlackElo "2618"]
[EventDate "2021"]

1. e4 c5 2. Nf3 Nc6 3. Bb5 e6 4. O-O Nge7 5. d4 cxd4 6. Nxd4 Ng6 7. Be3 Be7
8. c3 O-O 9. Nd2 Bg5 10. Qe1 Bf4 11. g3 Bxe3 12. Qxe3 e5 13. Nf5 d5 14.
Rad1 Qf6 15. exd5 Bxf5 16. dxc6 bxc6 17. Ba4 Rad8 18. Ne4 Qe7 19. b4 Be6
20. Qe2 Bd5 21. f3 a5 22. Nc5 axb4 23. cxb4 Qg5 24. Kh1 h5 25. Bb3 h4 26.
Bxd5 cxd5 27. f4 exf4 28. gxf4 Qf6 29. Qg4 Rfe8 30. Qg5 Qc6 31. f5 d4+ 32.
Qg2 Ne5 33. Qxc6 Nxc6 34. b5 Nb4 35. a4 d3 36. Rf4 d2 37. Re4 Rxe4 38. Nxe4
Ra8 39. Nc5 Rc8 40. Nb3 Rc3 41. Nxd2 Ra3 42. Ne4 Kf8 43. b6 Rxa4 44. b7 Na6
45. Nc5 Rb4 46. Rd8+ Ke7 47. Rd7+ Ke8 48. Nxa6 Rb1+ 49. Kg2 Kxd7 50. b8=Q
Rxb8 51. Nxb8+ Kc7 52. Na6+ Kb6 53. Nb4 Kc5 54. Nc2 Kd5 55. Kf3 Ke5 56. Kg4
h3 57. Ne1 Ke4 58. Nf3 f6 59. Ng1 1-0

[Event "FIDE Grand Swiss 2021"]
[Site "Riga"]
[Date "30.10.2021"]
[Round "4"]
[White "Shevchenko, Kirill"]
[Black "Vitiugov, Nikita"]
[Result "0-1"]
[WhiteElo "2632"]
[BlackElo "2727"]
[EventDate "2021"]

1. e4 e5 2. Nf3 Nc6 3. Bb5 a6 4. Ba4 Nf6 5. O-O Bc5 6. c3 b5 7. Bb3 d6 8.
d4 Bb6 9. a4 Bg4 10. h3 Bh5 11. g4 Bg6 12. g5 Nxe4 13. Bd5 Ne7 14. Bxa8
Qxa8 15. Nh4 Nf5 16. Nxf5 Bxf5 17. Qf3 Qc8 18. axb5 axb5 19. dxe5 dxe5 20.
Be3 O-O 21. h4 Bxe3 22. fxe3 g6 23. Kh2 Qe6 24. Qe2 h6 25. Nd2 hxg5 26.
Rxf5 gxf5 27. Nxe4 fxe4 28. Rg1 f6 29. Rg4 Kg7 30. Rxe4 Rh8 31. Qg2 Qd5 32.
Qc2 Qxe4 0-1

[Event "FIDE Grand Swiss 2021"]
[Site "Riga"]
[Date "30.10.2021"]
[Round "4"]
[White "Esipenko, Andrey"]
[Black "Zhou, Jianchao"]
[Result "1-0"]
[WhiteElo "2720"]
[BlackElo "2629"]
[EventDate "2021"]

1. e4 c5 2. Nf3 d6 3. Bb5+ Nc6 4. O-O Bd7 5. Re1 Nf6 6. c3 a6 7. Bf1 Bg4 8.
h3 Bxf3 9. Qxf3 e6 10. d3 Be7 11. Nd2 O-O 12. Qe2 b5 13. g3 b4 14. Nf3 bxc3
15. bxc3 d5 16. e5 Nd7 17. Bf4 Nb6 18. a4 c4 19. d4 Nd7 20. Qd2 Na5 21. Qe3
Rb8 22. Ra2 Rb3 23. Be2 Qb6 24. Nd2 Rb2 25. Rea1 Rb8 26. Bd1 Qd8 27. h4
R8b7 28. Bc2 Qb8 29. Qe1 Nc6 30. Rxb2 Rxb2 31. Qc1 Rb7 32. Nf3 a5 33. Kg2
Nb4 34. cxb4 axb4 35. Qb1 Nf8 36. Bd2 b3 37. Bd1 Ra7 38. Qb2 Bb4 39. Bc3
Qb6 40. Nd2 Qa5 41. Nb1 Nd7 42. Bxb3 Bxc3 43. Nxc3 Qb4 44. Rb1 cxb3 45.
Qxb3 Qxd4 46. Qb8+ Nf8 47. Kg1 Ra6 48. Qc8 Qc4 49. Qxc4 dxc4 50. Rb4 Rc6
51. Rb8 f6 52. Ra8 Rb6 53. exf6 gxf6 54. Rc8 Kf7 55. Rxc4 Nd7 56. Rc7 Ke8
57. Kg2 Ra6 58. Rc4 f5 59. Kf1 Kd8 60. Ke2 Ne5 61. Rc5 Nd7 62. Rb5 Kc7 63.
Kd3 Rd6+ 64. Kc2 Kc6 65. Na2 Nf6 66. Nb4+ Kc7 67. a5 Ne4 68. f3 Nxg3 69. a6
Rd8 70. Rb7+ Kd6 71. Rxh7 e5 72. a7 Ra8 73. Kd2 f4 74. Kd3 Kc5 75. Rb7 Rd8+
76. Kc3 Ra8 77. Nd3+ Kc6 78. Rh7 e4 79. fxe4 Nxe4+ 80. Kd4 Nd6 81. Nb4+ Kb5
82. Nd5 Kc6 83. Rc7+ Kb5 84. Rc5+ 1-0

[Event "FIDE Grand Swiss 2021"]
[Site "Riga"]
[Date "30.10.2021"]
[Round "4"]
[White "Movsesian, Sergei"]
[Black "Harikrishna, Pentala"]
[Result "0-1"]
[WhiteElo "2627"]
[BlackElo "2719"]
[EventDate "2021"]

1. e4 e5 2. Nf3 Nc6 3. Bb5 a6 4. Ba4 Nf6 5. O-O Nxe4 6. d4 b5 7. Bb3 d5 8.
dxe5 Be6 9. c3 Bc5 10. Qe2 O-O 11. Be3 f6 12. exf6 Bxe3 13. Qxe3 Qxf6 14.
Nbd2 Nxd2 15. Nxd2 Bf7 16. Nf3 Rae8 17. Qc5 Ne5 18. Nxe5 Qxe5 19. a4 Rb8
20. Rfe1 Qd6 21. Qxd6 cxd6 22. axb5 Rxb5 23. Bd1 Rxb2 24. Bf3 Rb6 25. h3
Rc8 26. Ra3 Kf8 27. Rea1 Ke7 28. Re1+ Kf6 29. Rea1 Be6 30. Rxa6 Rxa6 31.
Rxa6 Rxc3 32. Rxd6 Ke5 33. Rd8 Rc1+ 34. Kh2 Rc8 35. Rxc8 Bxc8 36. Kg3 d4
37. Be2 Ke4 38. Bf3+ Ke5 39. Be2 Bf5 40. Bb5 d3 41. Ba4 Kd4 42. Kf4 Be6 43.
Bd1 Ba2 44. h4 Bb1 45. Kf5 Bc2 46. Bf3 Bb3 47. g4 d2 48. h5 Bc2+ 49. Ke6
d1=Q 50. Bxd1 Bxd1 51. Kf7 Bxg4 52. Kxg7 Bf5 53. Kf6 Ke4 54. Kg5 Ke5 55.
f4+ Ke4 56. h6 Bd7 0-1

[Event "FIDE Grand Swiss 2021"]
[Site "Riga"]
[Date "30.10.2021"]
[Round "4"]
[White "Onyshchuk, Volodymyr"]
[Black "Alekseenko, Kirill"]
[Result "0-1"]
[WhiteElo "2622"]
[BlackElo "2710"]
[EventDate "2021"]

1. e4 e5 2. Nf3 Nc6 3. Bb5 a6 4. Ba4 Nf6 5. O-O Be7 6. Re1 b5 7. Bb3 O-O 8.
h3 d6 9. c3 h6 10. d4 Bd7 11. Nbd2 Re8 12. Nf1 Bf8 13. Ng3 Na5 14. Bc2 c5
15. d5 Nc4 16. a4 Nb6 17. a5 Nc4 18. b4 Nh7 19. Bd3 Rc8 20. Re2 g6 21. bxc5
Rxc5 22. Rea2 h5 23. Nd2 Nxd2 24. Bxd2 Be7 25. Rc2 Qc8 26. Rac1 Bg5 27. c4
b4 28. Bxb4 Ba4 29. Ra1 Bxc2 30. Qxc2 Nf6 31. Ne2 Nd7 32. Nc3 Rxc4 33. Bxc4
Qxc4 34. Bxd6 Rc8 35. Ra3 Qd4 36. Qb2 Bf4 37. Bb4 Nf6 38. g3 Bxg3 39. Rb3
Bh4 40. Qe2 Rc4 41. Qb2 Nxe4 42. Nxe4 Qd1+ 43. Kg2 Rxe4 44. Bc5 Re1 0-1

[Event "FIDE Grand Swiss 2021"]
[Site "Riga"]
[Date "30.10.2021"]
[Round "4"]
[White "Kollars, Dmitrij"]
[Black "Svidler, Peter"]
[Result "1/2-1/2"]
[WhiteElo "2621"]
[BlackElo "2694"]
[EventDate "2021"]

1. e4 c5 2. Nf3 d6 3. d4 cxd4 4. Nxd4 Nf6 5. Nc3 a6 6. Be2 e5 7. Nb3 Be7 8.
O-O O-O 9. Qd3 Qc7 10. Bg5 Be6 11. Bxf6 Bxf6 12. Rfd1 Be7 13. Nd5 Bxd5 14.
Qxd5 Nd7 15. Nd2 b5 16. c3 Rab8 17. Nf1 Nb6 18. Qd3 Nc4 19. Qc2 Bg5 20.
Bxc4 bxc4 21. b4 cxb3 22. axb3 Rb6 23. Rd5 Rfb8 24. Ra3 h5 25. h3 Rb5 26.
Rxb5 axb5 27. Qd3 b4 28. cxb4 Rxb4 29. Ra4 Rb7 30. Ra6 Qc5 31. Rxd6 Rxb3
32. Qxb3 Qxd6 1/2-1/2

[Event "FIDE Grand Swiss 2021"]
[Site "Riga"]
[Date "30.10.2021"]
[Round "4"]
[White "Mamedov, Rauf"]
[Black "Kovalev, Vladislav"]
[Result "1/2-1/2"]
[WhiteElo "2673"]
[BlackElo "2634"]
[EventDate "2021"]

1. Nf3 Nf6 2. g3 g6 3. Bg2 Bg7 4. c4 c6 5. d4 d5 6. O-O O-O 7. cxd5 cxd5 8.
Ne5 Ng4 9. Nf3 Nf6 10. Nc3 Ne4 11. Ne5 Nxc3 12. bxc3 Nc6 13. Nxc6 bxc6 14.
Qb3 Qa5 15. Qa3 Qxa3 16. Bxa3 Ba6 17. Rfb1 Rfb8 18. Bxe7 Bxe2 19. Bf1 Bxf1
20. Kxf1 Bf8 21. Bxf8 Kxf8 22. Rb3 Rb6 23. Rab1 Rab8 24. Ke2 Ke7 25. Kd3
Kd6 26. h4 h5 27. c4 dxc4+ 28. Kxc4 R8b7 29. R1b2 Rb8 30. Rb1 R8b7 1/2-1/2

[Event "FIDE Grand Swiss 2021"]
[Site "Riga"]
[Date "30.10.2021"]
[Round "4"]
[White "Jobava, Baadur"]
[Black "Grandelius, Nils"]
[Result "0-1"]
[WhiteElo "2582"]
[BlackElo "2662"]
[EventDate "2021"]

1. e4 e5 2. Nf3 Nc6 3. d4 exd4 4. Nxd4 Bc5 5. Nb3 Bb6 6. Nc3 Qf6 7. f4 Nge7
8. Bd2 d5 9. exd5 Nb4 10. Bb5+ c6 11. dxc6 bxc6 12. Bd3 Nxd3+ 13. cxd3 Qh4+
14. g3 Qh3 15. Qe2 Bg4 16. Qf1 Qh5 17. Na4 O-O 18. Nxb6 axb6 19. Qf2 Bh3
20. Bc3 Qd5 21. Rg1 Nf5 22. g4 Rfe8+ 23. Kd2 Rad8 24. Rae1 Qxd3+ 25. Kc1
Rxe1+ 26. Rxe1 Bxg4 27. Qxb6 h5 28. Qf2 Ra8 29. a3 Qc4 30. Nd4 Rd8 31. Nxf5
Bxf5 32. Rd1 Rd3 33. Rd2 Rxc3+ 34. bxc3 0-1

[Event "FIDE Grand Swiss 2021"]
[Site "Riga"]
[Date "30.10.2021"]
[Round "4"]
[White "Volokitin, Andrei"]
[Black "Yakubboev, Nodirbek"]
[Result "1/2-1/2"]
[WhiteElo "2652"]
[BlackElo "2621"]
[EventDate "2021"]

1. e4 e5 2. Nf3 Nc6 3. Bc4 Nf6 4. d3 Bc5 5. O-O d6 6. c3 a6 7. a4 Ba7 8.
Re1 h6 9. Nbd2 O-O 10. h3 Ne7 11. Bb3 Ng6 12. d4 Re8 13. Bc2 b5 14. Nf1 Bb7
15. Ng3 Bb6 16. a5 Ba7 17. Bd2 c5 18. dxe5 dxe5 19. c4 bxc4 20. Bc3 Bc6 21.
Nf5 Bb5 22. g3 Qc7 23. Qd6 Qxd6 24. Nxd6 Re6 25. Rad1 Bb8 26. Nf5 Bc7 27.
Ne3 Rc8 28. Nd5 Nd7 29. Nd2 Ne7 30. b3 cxb3 31. Bxb3 Nxd5 32. exd5 Ree8 33.
Nc4 e4 34. d6 Bb8 35. f3 exf3 36. Kf2 Bc6 37. Re7 Rxe7 38. dxe7 Re8 39. Re1
h5 40. h4 Nf6 41. Bxf6 gxf6 42. Bd1 Bd7 43. Bxf3 Be6 44. Bb7 Rxe7 45. Bxa6
Ra7 46. Bb5 Rb7 47. Na3 c4 48. Bxc4 Ra7 49. Bxe6 Rxa5 50. Nc4 Ra2+ 51. Kf3
fxe6 1/2-1/2

[Event "FIDE Grand Swiss 2021"]
[Site "Riga"]
[Date "30.10.2021"]
[Round "4"]
[White "Sarana, Alexey"]
[Black "Pichot, Alan"]
[Result "1-0"]
[WhiteElo "2649"]
[BlackElo "2628"]
[EventDate "2021"]

1. d4 Nf6 2. c4 e6 3. Nf3 d5 4. Nc3 Bb4 5. Bg5 h6 6. Bxf6 Qxf6 7. Qa4+ Nc6
8. e3 O-O 9. Rc1 Rd8 10. Be2 dxc4 11. Qb5 Bd6 12. Qxc4 Qe7 13. O-O e5 14.
d5 Nb8 15. Nb5 Nd7 16. Nxc7 Nb6 17. Qc2 Bxc7 18. Qxc7 Qxc7 19. Rxc7 Nxd5
20. Rd1 Bg4 21. Rxb7 e4 22. Nd4 Bxe2 23. Nxe2 Nf4 24. Rxd8+ Rxd8 25. Nc3
Ne2+ 26. Kf1 Nxc3 27. bxc3 Rd3 28. Rc7 Rd2 29. a4 Rc2 30. g4 g5 31. Rxa7
Rxc3 32. Rd7 Rc5 33. Rd4 Re5 34. Rb4 Kg7 35. Rb5 Re6 36. a5 Rc6 37. Ke1 Rc2
38. Rf5 Kg6 39. Kd1 Rc6 40. Rb5 Rc4 41. a6 Ra4 42. Rb6+ 1-0

[Event "FIDE Grand Swiss 2021"]
[Site "Riga"]
[Date "30.10.2021"]
[Round "4"]
[White "Zvjaginsev, Vadim"]
[Black "Abdusattorov, Nodirbek"]
[Result "0-1"]
[WhiteElo "2609"]
[BlackElo "2646"]
[EventDate "2021"]

1. e4 c5 2. Nf3 d6 3. Bb5+ Nd7 4. d4 cxd4 5. Qxd4 a6 6. Be2 Ngf6 7. O-O g6
8. c4 Bg7 9. h3 O-O 10. Nc3 b6 11. e5 dxe5 12. Nxe5 Nxe5 13. Qxe5 Bb7 14.
Qf4 Ne8 15. Bf3 Bxf3 16. Qxf3 Nd6 17. Rd1 Rc8 18. Nd5 e6 19. Nc3 Qe7 20. b3
Nf5 21. Bb2 b5 22. cxb5 axb5 23. Rab1 b4 24. Ne4 Rfd8 25. Bxg7 Kxg7 26. Ng3
Nd4 27. Qe4 e5 28. Re1 Rc5 29. Rbc1 f5 30. Qb1 Rcd5 31. Ne2 Nb5 32. Qc2 Qd6
33. g3 Rd2 34. Qc5 Na3 35. Qxd6 R8xd6 36. Rc7+ Kh6 37. Kf1 Rxa2 38. Nc1 Rc2
0-1